000
00263nam a2200121Ia 4500
100
_a
Popov/S
942
_c
BK
654
_a
Cutting Tools
245
_a
Sharpening of Cutting Tools
260
_b
Mir Publishers
_a
Moscow
_c
1972
300
_a
399
546
_a
ENGLISH
999
_c
27662
_d
27662